000 00601nam a2200241Ia 4500
003 OSt
005 20221007071428.0
006 a|||||r|||| 00| 0
007 ta
008 221006b |||||||| |||| 00| 0 eng d
024 _a24,680
037 _cTextual
040 _aFLL
_cFLL
_beng
041 _2eng
_aeng
082 _aZ3, K9
100 _aJames Philip S.
245 0 _aIntroduction to english law
250 _a7th
260 _aLondon
_bButterworths London
_c1969
300 _a1-501p
_ccm.
942 _hZ3, K9
_cTEXL
_2CC
999 _c1143313
_d1143313